| 000 | 01017cam a22003373a 4500 | ||
|---|---|---|---|
| 001 | 16413039 | ||
| 003 | OSt | ||
| 005 | 20140310182231.0 | ||
| 008 | 990303s1999 nyu j 000 1 eng d | ||
| 010 | _a 99611588 | ||
| 020 | _a0553486047 pbk. | ||
| 035 | _a(OCoLC)ocm40897108 | ||
| 040 |
_aAPL _cAPL _dSLC _dOCLCQ _dDLC |
||
| 050 |
_aPZ 7 _b.P278s2 1999 |
||
| 082 |
_aFIC _bSu9svj#2 |
||
| 100 | 1 |
_aSuzanne, Jamie. _94455 |
|
| 245 | 1 | 0 |
_aOne 2 many / _cwritten by Jamie Suzanne ; created by Francine Pascal. |
| 246 | 1 | 6 | _aOne two many |
| 260 |
_aNew York : _bBantam Books, _c1999. |
||
| 300 |
_a138 p. ; _c20 cm. |
||
| 440 |
_aSweet Valley Jr. high _n#2 _918170 |
||
| 650 | 0 | _aTwins. | |
| 655 | 7 |
_aChildren's stories. _2lcsh _93012 |
|
| 700 | 1 |
_aPascal, Francine. _93767 |
|
| 710 | 2 |
_aCopyright Paperback Collection (Library of Congress) _5DLC _9705 |
|
| 830 | 0 | _aSweet Valley Jr. High. | |
| 906 |
_a7 _bcbc _ccopycat _d2 _encip _f19 _gy-genrareb |
||
| 942 |
_2lcc _cBK-FIC |
||
| 999 |
_c10914 _d10914 |
||